000 01225nam0a2200337 4500
001 RU\NLR\bibl\301220
005 20260406145955.0
010 _a5-17-010489-8
_915000
021 _aRU
_b2002-20402
_91026
035 _a(NLR Aleph) 000296437
090 _a1736284
_c1736284
100 _a20020828d2001 |||y0rusy50 ca
101 0 _arus
102 _aRU
105 _aa |||||||||
200 1 _aСказка о глупом мышонке
_e[Для детей дошк. возраста]
_fС. Маршак
_g[Худож. М. Бондаренко]
210 _aпос. Агинское (Чит. обл.)
_cАСТ
_aБалашиха (Моск. обл.)
_cАстрель
_d2001
215 _a[15] с.
_cцв. ил.
_d19
225 1 _aЛюбимая сказка
675 _a821.161.1-93Маршак
_v3
_zrus
686 _a17.82.93
_2rugasnti
686 _a84(2Рос-Рус)6-5
_2rubbk
686 _aШ9(2)60=Р7-5
700 1 _4070
_8rus
_7ca
_aМаршак
_bС. Я.
_f1887-1964
_gСамуил Яковлевич
_3RU\NLR\auth\774792
_9114767
801 0 _aRU
_bRKP
_c20020828
_gPSBO
801 1 _aRU
_bRKP
_c20020828
801 2 _aRU
_bNLR
_c20090929
_grcr
942 _cBOOK
980 _aNB